مكتبة جامعة عجلون الوطنية

فهرس بحث المكتبة

Normal view MARC view
  • تاليف محافظة، محمد عبد الكريم، م. مشارك العفيف، أحمد خليف

Entry Personal Name

Number of records used in: 1

001 - CONTROL NUMBER

  • control field: 14863

003 - CONTROL NUMBER IDENTIFIER

  • control field: JO-AjAnu

005 - DATE AND TIME OF LATEST TRANSACTION

  • control field: 20230606072655.0

008 - FIXED-LENGTH DATA ELEMENTS

  • fixed length control field: 230606|| aca||aabn | a|a d

040 ## - CATALOGING SOURCE

  • Original cataloging agency: JO-AjAnu
  • Transcribing agency: JO-AjAnu

100 ## - HEADING--PERSONAL NAME

  • Personal name: تاليف محافظة، محمد عبد الكريم، م. مشارك العفيف، أحمد خليف

670 ## - SOURCE DATA FOUND

  • Source citation: Work cat.: (JO-AjAnu)7632: تاليف محافظة، محمد عبد الكريم، م. مشارك العفيف، أحمد خليف, author, صورة خكومة الثورة البيضاء في صحيفة الدستور الأردنية1996/2/4-1997/3/19